<?xml version="1.0" encoding="UTF-8"?><marc:collection xmlns:marc="http://www.loc.gov/MARC21/slim">
  <marc:record>
    <marc:leader>00000nam  2200000zi 4500</marc:leader>
    <marc:controlfield tag="001">9.842706</marc:controlfield>
    <marc:controlfield tag="003">CaOODSP</marc:controlfield>
    <marc:controlfield tag="005">20231031110745</marc:controlfield>
    <marc:controlfield tag="006">m     o  d f      </marc:controlfield>
    <marc:controlfield tag="007">cr mn|||||||||</marc:controlfield>
    <marc:controlfield tag="008">170830t20172017onc     ob   f000 0 eng d</marc:controlfield>
    <marc:datafield tag="020" ind1=" " ind2=" ">
      <marc:subfield code="a">9780660094489 </marc:subfield>
      <marc:subfield code="q">(PDF)</marc:subfield>
    </marc:datafield>
    <marc:datafield tag="020" ind1=" " ind2=" ">
      <marc:subfield code="a">9780660094502 </marc:subfield>
      <marc:subfield code="q">(bilingual ; </marc:subfield>
      <marc:subfield code="q">print)</marc:subfield>
    </marc:datafield>
    <marc:datafield tag="040" ind1=" " ind2=" ">
      <marc:subfield code="a">CaOODSP</marc:subfield>
      <marc:subfield code="b">eng</marc:subfield>
      <marc:subfield code="e">rda</marc:subfield>
      <marc:subfield code="c">CaOODSP</marc:subfield>
    </marc:datafield>
    <marc:datafield tag="043" ind1=" " ind2=" ">
      <marc:subfield code="a">n-cn---</marc:subfield>
    </marc:datafield>
    <marc:datafield tag="045" ind1=" " ind2=" ">
      <marc:subfield code="a">x1x9</marc:subfield>
    </marc:datafield>
    <marc:datafield tag="086" ind1="1" ind2=" ">
      <marc:subfield code="a">D4-7/6-2017E-PDF</marc:subfield>
    </marc:datafield>
    <marc:datafield tag="086" ind1="1" ind2=" ">
      <marc:subfield code="a">D4-7/6-2017</marc:subfield>
    </marc:datafield>
    <marc:datafield tag="245" ind1="0" ind2="0">
      <marc:subfield code="a">From hot war to cold war / </marc:subfield>
      <marc:subfield code="c">edited by Mike Bechthold and William March.</marc:subfield>
    </marc:datafield>
    <marc:datafield tag="264" ind1=" " ind2="1">
      <marc:subfield code="a">[Ottawa] : </marc:subfield>
      <marc:subfield code="b">National Defence = Défense nationale, </marc:subfield>
      <marc:subfield code="c">[2017]</marc:subfield>
    </marc:datafield>
    <marc:datafield tag="264" ind1=" " ind2="4">
      <marc:subfield code="c">©2017</marc:subfield>
    </marc:datafield>
    <marc:datafield tag="300" ind1=" " ind2=" ">
      <marc:subfield code="a">1 online resource (ix, 98 pages).</marc:subfield>
    </marc:datafield>
    <marc:datafield tag="336" ind1=" " ind2=" ">
      <marc:subfield code="a">text</marc:subfield>
      <marc:subfield code="b">txt</marc:subfield>
      <marc:subfield code="2">rdacontent</marc:subfield>
    </marc:datafield>
    <marc:datafield tag="337" ind1=" " ind2=" ">
      <marc:subfield code="a">computer</marc:subfield>
      <marc:subfield code="b">c</marc:subfield>
      <marc:subfield code="2">rdamedia</marc:subfield>
    </marc:datafield>
    <marc:datafield tag="338" ind1=" " ind2=" ">
      <marc:subfield code="a">online resource</marc:subfield>
      <marc:subfield code="b">cr</marc:subfield>
      <marc:subfield code="2">rdacarrier</marc:subfield>
    </marc:datafield>
    <marc:datafield tag="490" ind1="1" ind2=" ">
      <marc:subfield code="a">Sic itur ad astra : Canadian aerospace power studies ; </marc:subfield>
      <marc:subfield code="v">v. 6</marc:subfield>
    </marc:datafield>
    <marc:datafield tag="500" ind1=" " ind2=" ">
      <marc:subfield code="a">Issued also in French under title: De la guerre chaude à la guerre froide.</marc:subfield>
    </marc:datafield>
    <marc:datafield tag="504" ind1=" " ind2=" ">
      <marc:subfield code="a">Includes bibliographical references.</marc:subfield>
    </marc:datafield>
    <marc:datafield tag="505" ind1="0" ind2=" ">
      <marc:subfield code="a">Preface -- Introduction -- Face to face with Black Mike : command, control and leadership in the career of C.M. "Black Mike" McEwen, 1916-1945 / by William John Pratt -- No. 6 RCAF Bomber Group : a study of leadership, discipline and Canadian values / by Rhonda Jarrett -- Closing the Atlantic black pit : a question of air-power choices / by Richard Goette -- Endurance : 120 Squadron, Royal Air Force, 1943 / by Geoffrey Hayes -- The Royal Canadian Air Force's first Catalinas and Cansos / by Roger Sarty -- A most abrupt departure : the Royal Canadian Air Force and the United Nations Emergency Force / by William March -- Flying "truck drivers" or "captains of the clouds" : Paul Hellyer and the RCAF's acquisition of the CC130 Hercules / by Richard Mayne -- Creating an air arm for the Canadian Army : lessons from the past / by Randall Wakelam -- List of abbreviations.</marc:subfield>
    </marc:datafield>
    <marc:datafield tag="610" ind1="1" ind2="0">
      <marc:subfield code="a">Canada. </marc:subfield>
      <marc:subfield code="b">Royal Canadian Air Force</marc:subfield>
      <marc:subfield code="x">History</marc:subfield>
      <marc:subfield code="y">20th century.</marc:subfield>
    </marc:datafield>
    <marc:datafield tag="610" ind1="1" ind2="0">
      <marc:subfield code="a">Great Britain. </marc:subfield>
      <marc:subfield code="b">Royal Air Force</marc:subfield>
      <marc:subfield code="x">History</marc:subfield>
      <marc:subfield code="y">20th century.</marc:subfield>
    </marc:datafield>
    <marc:datafield tag="610" ind1="2" ind2="0">
      <marc:subfield code="a">United Nations Emergency Force</marc:subfield>
      <marc:subfield code="x">History</marc:subfield>
      <marc:subfield code="y">20th century.</marc:subfield>
    </marc:datafield>
    <marc:datafield tag="650" ind1=" " ind2="0">
      <marc:subfield code="a">Air power</marc:subfield>
      <marc:subfield code="z">Canada</marc:subfield>
      <marc:subfield code="x">History</marc:subfield>
      <marc:subfield code="y">20th century.</marc:subfield>
    </marc:datafield>
    <marc:datafield tag="650" ind1=" " ind2="0">
      <marc:subfield code="a">World War, 1939-1945</marc:subfield>
      <marc:subfield code="x">Aerial operations, Canadian</marc:subfield>
      <marc:subfield code="x">History.</marc:subfield>
    </marc:datafield>
    <marc:datafield tag="650" ind1=" " ind2="0">
      <marc:subfield code="a">Peacekeeping forces, Canadian</marc:subfield>
      <marc:subfield code="x">History</marc:subfield>
      <marc:subfield code="y">20th century.</marc:subfield>
    </marc:datafield>
    <marc:datafield tag="650" ind1=" " ind2="0">
      <marc:subfield code="a">Airplanes, Military</marc:subfield>
      <marc:subfield code="x">History</marc:subfield>
      <marc:subfield code="y">20th century.</marc:subfield>
    </marc:datafield>
    <marc:datafield tag="651" ind1=" " ind2="0">
      <marc:subfield code="a">Canada</marc:subfield>
      <marc:subfield code="x">Armed Forces</marc:subfield>
      <marc:subfield code="x">Aviation</marc:subfield>
      <marc:subfield code="x">History</marc:subfield>
      <marc:subfield code="y">20th century.</marc:subfield>
    </marc:datafield>
    <marc:datafield tag="700" ind1="1" ind2=" ">
      <marc:subfield code="a">Bechthold, Michael, </marc:subfield>
      <marc:subfield code="d">1968- </marc:subfield>
      <marc:subfield code="e">editor.</marc:subfield>
    </marc:datafield>
    <marc:datafield tag="700" ind1="1" ind2=" ">
      <marc:subfield code="a">March, William, </marc:subfield>
      <marc:subfield code="e">editor.</marc:subfield>
    </marc:datafield>
    <marc:datafield tag="710" ind1="1" ind2=" ">
      <marc:subfield code="a">Canada. </marc:subfield>
      <marc:subfield code="b">Department of National Defence, </marc:subfield>
      <marc:subfield code="e">issuing body.</marc:subfield>
    </marc:datafield>
    <marc:datafield tag="775" ind1="0" ind2="8">
      <marc:subfield code="t">De la guerre chaude à la guerre froide / </marc:subfield>
      <marc:subfield code="w">(CaOODSP)9.842708</marc:subfield>
    </marc:datafield>
    <marc:datafield tag="776" ind1="0" ind2="#">
      <marc:subfield code="t">From hot war to cold war </marc:subfield>
      <marc:subfield code="w">(CaOODSP)9.842710</marc:subfield>
    </marc:datafield>
    <marc:datafield tag="830" ind1="#" ind2="0">
      <marc:subfield code="a">Sic itur ad astra : Canadian aerospace power studies ;</marc:subfield>
      <marc:subfield code="v">v. 6.</marc:subfield>
      <marc:subfield code="w">(CaOODSP)9.505724</marc:subfield>
    </marc:datafield>
    <marc:datafield tag="856" ind1="4" ind2="0">
      <marc:subfield code="q">PDF</marc:subfield>
      <marc:subfield code="s">6.40 MB</marc:subfield>
      <marc:subfield code="u">https://publications.gc.ca/collections/collection_2023/mdn-dnd/D4-7-6-2017-eng.pdf</marc:subfield>
    </marc:datafield>
  </marc:record>
</marc:collection>
